| 000 | 00608nam a2200205 u 4500 | ||
|---|---|---|---|
| 005 | 20250322063800.0 | ||
| 008 | 140901s2007 r 000 0 eng d | ||
| 020 | _a8423684989 | ||
| 035 | _aUPN01000199241 | ||
| 049 | _aI | ||
| 050 | 4 |
_aTD794.5 _bR6.7 |
|
| 100 | 1 |
_aRoca, Núria _933248 |
|
| 245 | 1 | 4 |
_aLas 3 erres : _breutilizar, reducir, reciclar / _cNúria Roca ; il. Rosa M. Curto |
| 260 |
_aBarcelona, Esp. : _bEdebé, _c2007. |
||
| 300 |
_a35 p. : _bil. col. |
||
| 650 | 2 |
_aReciclado y reciclaje _99128 |
|
| 650 | 4 |
_aLiteratura infantil española _95892 |
|
| 905 | _aInfantil | ||
| 999 |
_c171342 _d171342 |
||